000 03968nam a2200565Ia 4500
001 467
008 241029s9999 xx 000 0 und d
010 _a432
041 _aEspañol
082 _aNO APLICA
245 0 _aFactores que inciden en la aplicación del nuevo currículo del Nivel Medio del Liceo Herminia Pérez, Pekín, Santiago, República Dominicana
260 _aSantiago
300 _a66
520 _a36
630 _aCurrículo
630 _aFactores
630 _aIncidencia
630 _aNivel Medio
650 _aAdministración de la Educación
690 _aElaborado
700 _easesor
_aReyes, Rafael
700 _eautor
_aMercado Peña , Zoraida .
700 _eautor
_a Ventura, Casilda R. .
901 _a{"1":"Mercado Peña ","2":" Ventura"}
_b{"1":"Zoraida .","2":" Casilda R. ."}
902 _a1
903 _a{"1":"Reyes"}
_b{"1":"Rafael "}
904 _aMagíster en
905 _aGestión Educativa
906 _a2
907 _aNO APLICA
908 _aNO APLICA
909 _aUniversidad Nacional Evangélica (UNEV), Recinto Santiago
910 _aNULL
_bNULL
911 _a["1"]
912 _aNO APLICA
913 _aNULL
914 _a01 de Noviembre de 2013
915 _a12/07/15 08:07
916 _aNULL
917 _aNULL
918 _aNO APLICA
919 _a["52","243","209","240"]
520 _aEsta investigación trató de analizar los factores que inciden en la aplicación del nuevo currículo del Nivel Medio del Liceo Herminia Pérez, Pekín, por lo que se circunscribió únicamente a las informaciones suministradas por el director, docentes y estudiantes.Fue una investigación descriptiva y de campo. Los métodos utilizados fueron  el deductivo y el analítico. La técnica utilizada fue la entrevista, aplicada a la gestión del centro y cuestionario dedicado a los docentes y estudiantes. La población constó de 320 estudiantes,10 docentes y 4 de personal de apoyo, para un total de 334. En los resultados de la encuesta al director se constató que su último grado académico es Licenciado y tiene más de 5 años desempeñando esa función. Aseguró que se realizan capacitaciones a docentes en todo el año, pero no todos responden al llamado. Se organiza recibimiento al inicio del año escolar, con programas cronometrados y manifestaciones artísticas, para que los nuevos estudiantes valoren la institución y se familiaricen. En dicha actividad se presenta el cuerpo directivo, administrativo, docente y de apoyo. Sobre actividades que organiza el centro para alumnos, el director manifestó que es difícil lograr que un personal docente aplique las mismas técnicas, metodologías y estrategias. Pero que utilizan estrategias integrando recursos tecnológicos. En los resultados de los docentes, respecto al nivel académico el 100% es licenciado, lo que facilita la consecución de objetivos pedagógicos del personal. En general, se pudo verificar que el tiempo es uno de los factores que más inciden en la implementación del nuevo currículo, ya que obtuvo el 50% del porcentaje, seguida de los recursos tecnológicos con un 40%. De acuerdo al 50% de los profesores, coinciden que el currículo no se adapta al nivel de los estudiantes; un 10% lo considera bueno, otro 10% lo ve excelente, mientras que el 30% notó que corresponde lo suficiente al nivel de los estudiantes.  Se recomendó al Ministerio de Educación asegurarse que los Liceos reciban los medios de ayudas didácticas y tecnológicas, capacidad física de sus planteles, construcción del ser humano requerido con las competencias del currículo. Al director, dar más seguimiento a la metodología empleada por sus docentes y a éstos a participar en los talleres y seminarios, para obtener tácticas de integración e impartición de clases. 
921 _a11
922 _a11
923 _a0
924 _aNO APLICA
942 _cTesis
999 _c432
_d432